Online
Catalog

Salcedo y su historia / (Record no. 29417)

MARC details
000 -CABECERA
campo de control de longitud fija 00721nam a2200181 a 4500
001 - NÚMERO DE CONTROL
campo de control 000029925
005 - FECHA Y HORA DE LA ÚLTIMA TRANSACCIÓN
campo de control 20200930055919.0
008 - DATOS DE LONGITUD FIJA--INFORMACIÓN GENERAL
campo de control de longitud fija 110427s1954 dr ac 000 0 spa d
040 ## - FUENTE DE LA CATALOGACIÓN
Centro catalogador/agencia de origen DO-SdBNP
Lengua de catalogación spa
Centro/agencia transcriptor BNPHU
082 ## - NÚMERO DE LA CLASIFICACIÓN DECIMAL DEWEY
Número de clasificación xxx
Número de documento/Ítem P7623s
049 ## - FONDOS LOCALES (OCLC)
Fondos de biblioteca BNPD
100 1# - ENTRADA PRINCIPAL--NOMBRE DE PERSONA
Nombre de persona Polanco Brito, Hugo Eduardo,
Fechas asociadas al nombre 1918-
9 (RLIN) 24251
245 10 - MENCIÓN DE TÍTULO
Título Salcedo y su historia /
Mención de responsabilidad, etc. Hugo Eduardo Polanco Brito.
260 ## - PUBLICACIÓN, DISTRIBUCIÓN, ETC.
Lugar de publicación, distribución, etc. Ciudad Trujillo, República Dominicana :
Nombre del editor, distribuidor, etc. Imprenta San Francisco,
Fecha de publicación, distribución, etc. 1954.
300 ## - DESCRIPCIÓN FÍSICA
Extensión 305, xxv p. :
Otras características físicas il., retrs. ;
Dimensiones 23 cm.
500 ## - NOTA GENERAL
Nota general Este trabajo fué presentado como tesis para obtener el doctorado en Filosofía de la Universidad de Santo Domingo
504 ## - NOTA DE BIBLIOGRAFÍA, ETC.
Nota de bibliografía, etc. Incluye referencias bibliográficas al pie de las páginas
Holdings
Estado de retiro Estado de pérdida No para préstamo Código de colección Localización permanente Ubicación/localización actual Ubicación en estantería Fecha de adquisición Número de inventario Total de préstamos Signatura topográfica completa Código de barras Fecha visto por última vez Número de copia Precio válido a partir de Tipo de ítem Koha Restricciones de uso
    Excluido de préstamo Patrimonio Dominicano Patrimonio Dominicano Patrimonio Dominicano Depósito 08.07.2013 LF1   xxx P7623s 29925-20 25.06.2020 e. 2 25.06.2020 Libro y Folleto Colección Patrimonio Dominicano  
      Raros y valiosos Patrimonio Dominicano Patrimonio Dominicano Depósito 27.04.2011 LF1   xxx P7623s 29925-10 25.06.2020   25.06.2020 Préstamo interno Préstamo interno

Powered by Koha